000 00430nam a2200157Ia 4500
005 20250108054305.0
008 240331s9999 xx 000 0 und d
020 _a019540534X
082 _bMIC
_23571
_a305.3
245 0 _aBeyond Patriarchy
_bEssays by men on pleasure, power, and change
260 _aOntario
_bOxford University Press
300 _axix, 322 p.,
650 _aPatriarchy
700 _aKaufman, M
_eedt
942 _cL
999 _c1554
_d1554